中国所有官方认定的“大城市” - Statistics

General Stats
  • This quiz has been taken 54 times
  • The average score is 94 of 105
Answers on the Map
Answers color-coded by a green-red scale on the quiz's map according to % correct below.
 
Answer Stats
类型 省级行政区 城市 % Correct
超大城市 直辖市 北京市
100%
超大城市 直辖市 天津市
100%
超大城市 直辖市 上海市
100%
超大城市 广东省 广州市
100%
超大城市 广东省 深圳市
100%
超大城市 直辖市 重庆市
100%
超大城市 四川省 成都市
100%
特大城市 辽宁省 沈阳市
100%
特大城市 辽宁省 大连市
100%
特大城市 江苏省 南京市
100%
特大城市 浙江省 杭州市
100%
特大城市 山东省 济南市
100%
特大城市 山东省 青岛市
100%
特大城市 湖南省 长沙市
100%
特大城市 广东省 佛山市
100%
特大城市 广东省 东莞市
100%
特大城市 云南省 昆明市
100%
特大城市 陕西省 西安市
100%
Ⅰ型大城市 山西省 太原市
100%
Ⅰ型大城市 吉林省 长春市
100%
Ⅰ型大城市 江苏省 常州市
100%
Ⅰ型大城市 江苏省 苏州市
100%
Ⅰ型大城市 浙江省 宁波市
100%
Ⅰ型大城市 安徽省 合肥市
100%
Ⅰ型大城市 福建省 福州市
100%
Ⅰ型大城市 福建省 厦门市
100%
Ⅰ型大城市 江西省 南昌市
100%
Ⅰ型大城市 贵州省 贵阳市
100%
Ⅱ型大城市 江苏省 连云港市
100%
Ⅱ型大城市 广东省 珠海市
100%
特大城市 河南省 郑州市
97%
特大城市 湖北省 武汉市
97%
Ⅰ型大城市 江苏省 无锡市
97%
Ⅰ型大城市 广西壮族自治区 南宁市
97%
Ⅰ型大城市 新疆维吾尔自治区 乌鲁木齐市
97%
Ⅱ型大城市 山西省 大同市
97%
Ⅱ型大城市 内蒙古自治区 呼和浩特市
97%
Ⅱ型大城市 吉林省 吉林市
97%
Ⅱ型大城市 江苏省 徐州市
97%
Ⅱ型大城市 浙江省 绍兴市
97%
Ⅱ型大城市 广东省 汕头市
97%
特大城市 黑龙江省 哈尔滨市
94%
Ⅰ型大城市 河北省 石家庄市
94%
Ⅱ型大城市 河北省 唐山市
94%
Ⅱ型大城市 河北省 秦皇岛市
94%
Ⅱ型大城市 江苏省 扬州市
94%
Ⅱ型大城市 河南省 开封市
94%
Ⅱ型大城市 河南省 洛阳市
94%
Ⅱ型大城市 甘肃省 兰州市
94%
Ⅱ型大城市 青海省 西宁市
94%
Ⅱ型大城市 宁夏回族自治区 银川市
94%
Ⅱ型大城市 河北省 邯郸市
91%
Ⅱ型大城市 河北省 邢台市
91%
Ⅱ型大城市 内蒙古自治区 包头市
91%
Ⅱ型大城市 江苏省 南通市
91%
Ⅱ型大城市 江苏省 盐城市
91%
Ⅱ型大城市 浙江省 温州市
91%
Ⅱ型大城市 福建省 泉州市
91%
Ⅱ型大城市 江西省 赣州市
91%
Ⅱ型大城市 广东省 湛江市
91%
Ⅱ型大城市 海南省 海口市
91%
Ⅱ型大城市 河北省 张家口市
89%
Ⅱ型大城市 黑龙江省 齐齐哈尔市
89%
Ⅱ型大城市 江苏省 淮安市
89%
Ⅱ型大城市 浙江省 台州市
89%
Ⅱ型大城市 山东省 淄博市
89%
Ⅱ型大城市 山东省 枣庄市
89%
Ⅱ型大城市 山东省 烟台市
89%
Ⅱ型大城市 广东省 中山市
89%
Ⅱ型大城市 广西壮族自治区 桂林市
89%
Ⅱ型大城市 陕西省 咸阳市
89%
Ⅱ型大城市 辽宁省 鞍山市
86%
Ⅱ型大城市 安徽省 芜湖市
86%
Ⅱ型大城市 福建省 莆田市
86%
Ⅱ型大城市 湖南省 株洲市
86%
Ⅱ型大城市 广东省 惠州市
86%
Ⅱ型大城市 广西壮族自治区 柳州市
86%
Ⅱ型大城市 贵州省 遵义市
86%
Ⅱ型大城市 河北省 保定市
83%
Ⅱ型大城市 江苏省 昆山市
83%
Ⅱ型大城市 安徽省 淮南市
83%
Ⅱ型大城市 山东省 潍坊市
83%
Ⅱ型大城市 湖南省 岳阳市
83%
Ⅱ型大城市 四川省 绵阳市
83%
Ⅱ型大城市 黑龙江省 大庆市
80%
Ⅱ型大城市 山东省 济宁市
80%
Ⅱ型大城市 湖北省 宜昌市
80%
Ⅱ型大城市 内蒙古自治区 赤峰市
77%
Ⅱ型大城市 浙江省 义乌市
77%
Ⅱ型大城市 山东省 泰安市
77%
Ⅱ型大城市 山东省 临沂市
77%
Ⅱ型大城市 辽宁省 抚顺市
74%
Ⅱ型大城市 江西省 上饶市
74%
Ⅱ型大城市 山西省 长治市
71%
Ⅱ型大城市 河南省 新乡市
71%
Ⅱ型大城市 湖南省 衡阳市
71%
Ⅱ型大城市 广东省 江门市
71%
Ⅱ型大城市 四川省 泸州市
71%
Ⅱ型大城市 四川省 南充市
71%
Ⅱ型大城市 山东省 聊城市
69%
Ⅱ型大城市 湖北省 十堰市
69%
Ⅱ型大城市 湖北省 襄阳市
69%
Ⅱ型大城市 四川省 宜宾市
69%
Ⅱ型大城市 浙江省 慈溪市
66%
Ⅱ型大城市 福建省 晋江市
66%
No matching quizzes found
Score Distribution
Percent of People with Each Score
Percentile by Number Answered
Your Score History
You have not taken this quiz